| 000 | 01218cab a2200253 4500 | ||
|---|---|---|---|
| 001 | ABS56274 | ||
| 008 | 090401t1996 xxu||||| |||| 00| 0 eng d | ||
| 035 | _a(Sirsi) u22461 | ||
| 041 | _aeng | ||
| 245 | _aWu Koon Tain v Wu Yau Loi | ||
| 260 | _c1996 | ||
| 350 | _a0 | ||
| 490 |
_aWeekly Law Reports _v[1996] 3 WLR 778-787(5) |
||
| 520 | _aPC 10 October 1996. On the death of his father the son succeeded to the land but was not officially named as successor, whereas the grandson was. The son sold the land in 1934 and the purchasor took possession of the land. The defendant was registered as the grandson`s successor, the grandson died in 1962, the purchaser of the land died in 1991. The defendant sought to recover the land from the plaintiffs who were the purchasors` successors. Plaintiffs appealed against the decision that the defendant held legal title. Appeal allowed. | ||
| 650 | _aCHINESE LAW OF SUCCESSION | ||
| 650 | _aHONG KONG | ||
| 650 | _aINHERITANCE LAW | ||
| 650 | _aNEW TERRITORIES ORDINANCE 1910 S13 | ||
| 650 | _aNEW TERRITORIES ORDINANCE 1910 S17 | ||
| 690 | _aOVERSEAS-REST OF THE WORLD | ||
| 690 | _aPROPERTY LAW AND PRACTICE-CASE LAW | ||
| 942 | _n0 | ||
| 948 | _c04/03/1997 | ||
| 999 |
_c15048 _d15048 |
||